| 000 | 00566nam a2200205Ia 4500 | ||
|---|---|---|---|
| 005 | 20260429112251.0 | ||
| 008 | 260429s9999||||xx |||||||||||||| ||und|| | ||
| 020 | _a9780226817972 | ||
| 041 | _aEnglish | ||
| 082 |
_a808.02 _bUNI |
||
| 100 | _aUniversity of Chicago Press | ||
| 245 | 0 |
_aChicago manual of style / _cUniversity of Chicago Press |
|
| 250 | _a18th ed. | ||
| 260 |
_aChicago : _bUniversity of Chicago Press, _c2024. |
||
| 300 | _axvii, 1180 p.; hb | ||
| 650 | _a Chicago | ||
| 650 | _a Reference style | ||
| 650 | _aCitation style | ||
| 942 | _cTB | ||
| 999 |
_c53215 _d53215 |
||